Who committed the worst mass shootings in the U.S. - Statistics

General Stats
  • This quiz has been taken 131 times
  • The average score is 4 of 14
Answer Stats
Hint Answer % Correct
[Sandy Hook Elementary] Newton, Connecticut (2012) Adam Lanza
89%
[Columbine High School] Denver, Colorado (1999) Eric Harris
79%
Dylan Klebold
69%
[Aurora Theatre] Aurora, Colorado (2012) James Holmes
58%
[Virginia Tech] Blacksburg, Virginia (2007) Seung-Hui Cho
57%
[University of Texas] Austin, Texas (1966) Charles Joseph Witman
24%
[McDonalds] San Ysidro, California (1984) James Huberty
20%
[Lubys Cafeteria] Kileen, Texas (1991) George Hennard
17%
[American Civic Association] Binghamton, New York (2009) Jiverly Wong
10%
[12 minute Walk of Death] Camden, New Jersey (1949) Howard Unruh
8%
[Ft. Hood] Killeen, Texas (2009) Nidal Malik Hasan
7%
[Trading Firm] Atlanta, Georgia (1999) Mark Barton
3%
Wilkes-Barre, Pennsylvania (1982) George Banks
1%
[Geneva County massacre] Kingston, Alabama (2009) Michael McLenon
0%
No matching quizzes found
Score Distribution
Percent of People with Each Score
Percentile by Number Answered
Your Score History
You have not taken this quiz